• 首页
  • 本馆介绍
  • 公告通知
  • 最新文献
  • 馆藏检索
  • 电子资源
  • 读者导购
  • 参考咨询
  • 我的图书馆
  • 登录
  • 详细信息显示
  • 放入我的书架
  • 预约/预借图书
  • 作者相关作品
  • 分类相关作品
  • 丛书相关作品
  • 出版社相关作品

书目信息

  • 表格格式
  • 工作单格式
  • 卡片格式
题名:
田老师教小学生作文
    
 
作者: 田荣俊 主编
分册:   300字作文
出版信息: 上海   上海远东出版社  2019.7
页数: 144页
开本: 23cm
丛书名:
单 册:
中图分类: G624.24
科图分类:
主题词: 作文课--小学--教学参考资料
电子资源:
ISBN: 978-7-5476-1493-8
000 01199nam0 2200253 45
001 012001002859
005 20140824080016.0
010    @a978-7-5476-1493-8@dCNY32.00
099    @aCAL 012020019189
100    @a20191018d2019 ce y0chiy0110 ea
101 0  @achi
102    @aCN@b310000
105    @aa z 000yy
106    @ar
200 1  @a田老师教小学生作文@Atian lao shi jiao xiao xue sheng zuo wen@i300字作文@f田荣俊主编
210    @a上海@c上海远东出版社@d2019.7
215    @a144页@c图@d23cm
300    @a远东作文
330    @a《田老师教小学生作文·300字作文》主要内容简介:作文是最具个性特征的精神劳动,而作文教学是小学语文教学重要的组成部分,也是全面提高学生素质、夯实基础的一项重要教学活动。为什么现在的作文教学始终走不出“高耗低效”的怪圈为什么我们的学生对作文始终怀有一种畏惧的心理这固然与我们现在的教学认识、教学内容、教学方式等有关,然而,更重要的是,我们往往忽视了对学生作文兴趣的激发和对其作文能力的培养。只有真正地从教学细节抓起,有计划、有步骤、有目的地培养学生的作文能力,才能提高作文教学的效益。
606 0  @a作文课@x小学@j教学参考资料
690    @aG624.24@v5
701  0 @a田荣俊@Atian rong jun@4主编
801    @aCN@bAHXH@c20210922
905    @b1284527-31@dG624.24@e2094@f5
    
    田老师教小学生作文.300字作文/田荣俊主编.-上海:上海远东出版社,2019.7
    144页:图;23cm
    远东作文
    
    ISBN 978-7-5476-1493-8:CNY32.00
    《田老师教小学生作文·300字作文》主要内容简介:作文是最具个性特征的精神劳动,而作文教学是小学语文教学重要的组成部分,也是全面提高学生素质、夯实基础的一项重要教学活动。为什么现在的作文教学始终走不出“高耗低效”的怪圈为什么我们的学生对作文始终怀有一种畏惧的心理这固然与我们现在的教学认识、教学内容、教学方式等有关,然而,更重要的是,我们往往忽视了对学生作文兴趣的激发和对其作文能力的培养。只有真正地从教学细节抓起,有计划、有步骤、有目的地培养学生的作文能力,才能提高作文教学的效益。
●
相关链接 在E读中查询图书 在五车中查询图书 在当当中查询图书 在豆瓣中查询图书


正题名:田老师教小学生作文     索取号:G624.24/2094         预约/预借

序号 登录号 条形码 馆藏地/架位号 状态 备注
1 1284527   212845279   第一样本阅览室/ [索取号:G624.24/2094] 在馆    
2 1284528   212845288   教育系资料室/ [索取号:G624.24/2094] 在馆    
3 1284529   212845297   教育系资料室/ [索取号:G624.24/2094] 在馆    
4 1284530   212845304   第四借阅区/ [索取号:G624.24/2094] 在馆    
5 1284531   212845313   第四借阅区/ [索取号:G624.24/2094] 在馆    
唐山师范学院图书馆 欢迎您!
大连网信软件有限公司© 版权所有